Statistics for Countries Closest to Burkina Faso with a map

Click here to take the quiz!

General Stats

  • This quiz has been taken 60 times
  • The average score is 17 of 20

Answers on the Map

Answers color-coded by a green-red scale on the quiz's map according to % correct below.
Loading ...
 

Answer Stats

country% Correct
Liberia
98%
Ghana
98%
Nigeria
98%
Niger
98%
Mali
98%
Sierra Leone
95%
Guinea
95%
Togo
95%
Côte d'Ivoire
95%
Benin
93%
Senegal
91%
Mauritania
87%
Chad
87%
Guinea-Bissau
85%
Algeria
85%
Gambia
84%
Cameroon
78%
Morocco
73%
São Tomé
and Príncipe
49%
Equatorial Guinea
44%

Score Distribution

Percentile by Number Answered

Percent of People with Each Score

Your Score History

You have not taken this quiz